000 00382pab a2200145 454500
008 180718b2017 xxu||||| |||| 00| 0 eng d
100 _aSingh, Sukhpal
245 _aAgrarian distress: beyond cropping pattern and credit
260 _c2017
300 _ap.86-87.
362 _a8 Jul
650 _aAgrarian structure
773 _aEconomic and Political Weekly
909 _a115057
999 _c115051
_d115051